| 000 | 00436nam a2200169Ia 4500 | ||
|---|---|---|---|
| 005 | 20250508151357.0 | ||
| 008 | 008 250505s9999 xx 000 0 hin d | ||
| 037 | _aTextual | ||
| 040 |
_aFEDL _beng _cFEDL |
||
| 041 |
_ahin _2eng |
||
| 084 |
_aFH, SHR _qFEDL |
||
| 100 | _aShrikant | ||
| 245 | 0 | _aHamare netaji | |
| 260 |
_aDelhi, India _bSamaj-Shiksha-Prakashan |
||
| 942 |
_cTEXL _hFH, SHR |
||
| 999 |
_c1329369 _d1329369 |
||